| 000 | 00343nam a2200133Ia 4500 | ||
|---|---|---|---|
| 008 | 230917s9999||||xx |||||||||||||| ||und|| | ||
| 040 |
_e92873 _aMAIN |
||
| 041 | _aEnglish | ||
| 082 | _a615.842 M295N | ||
| 100 | _aMalhotra, Hitesh | ||
| 245 | 0 | _aNormal lumbar spinal canal measurements by computed tomography | |
| 300 | _a82 p. | ||
| 942 | _cTH | ||
| 999 |
_c86465 _d86465 |
||